书目信息

书名: 花森安治的手艺 
作者: 张逸雯 译 ;生活手帖社
出版信息: 太原   书海出版社  2020.12
开本页数: 19cm  193页
丛书名: 花森安治系列
单 册:
中图分类: J0
科图分类:
主题词: 设计--she ji--艺术
电子资源:
ISBN: 978-7-5571-0073-5
000 01232nam 2200277 450
001 012021000791
005 20210420083111.8
010    @a978-7-5571-0073-5@dCNY88.00
100    @a20210420d2020 em y0chiy50 ea
101 @achi@cjpn
102    @aCN@b140000
105    @aa z 000yy
106    @ar
200 @a花森安治的手艺@Ahua sen an zhi de shou yi@e《生活手帖》的设计美学@f(日) 生活手帖社编@g张逸雯译
210    @a太原@c书海出版社@d2020.12
215    @a193页@c彩图@d19cm
225 @a花森安治系列@Ahua sen an zhi xi lie
330    @a《生活手帖》, 日本战后新生活美学的代表刊物, 风靡日本70余年。作为《生活手帖》创办人之一, 花森安治担任主编30年, 亲手制作封面、绘制插画、设计版式, 一期不落, 用天才般的手艺塑造了《生活手帖》独特的设计美学。本书为花森安治一百年诞辰纪念版, 收录花森安治所作153张封面, 160余幅精彩手绘、草图, 以及珍贵的现场照片。“每天读一遍, 都会感到很幸福。”
410  0 @12001 @a花森安治系列
517 @a《生活手帖》的设计美学@A《sheng huo shou tie 》de she ji mei xue
606 @a设计@Ashe ji@x艺术
690    @aJ0@v5
702  0 @a张逸雯@Azhang yi wen@4译
711 02 @a生活手帖社@Asheng huo shou tie she@4编
801  0 @aCN@bCDNYKJZYXY@c20210420
905    @aCDNYKJZYXY@b300627044-6@dJ0@e157@f3
    
    花森安治的手艺:《生活手帖》的设计美学/(日) 生活手帖社编/张逸雯译.-太原:书海出版社,2020.12
    193页:彩图;19cm.-(花森安治系列)
    
    
    ISBN 978-7-5571-0073-5:CNY88.00
    《生活手帖》, 日本战后新生活美学的代表刊物, 风靡日本70余年。作为《生活手帖》创办人之一, 花森安治担任主编30年, 亲手制作封面、绘制插画、设计版式, 一期不落, 用天才般的手艺塑造了《生活手帖》独特的设计美学。本书为花森安治一百年诞辰纪念版, 收录花森安治所作153张封面, 160余幅精彩手绘、草图, 以及珍贵的现场照片。“每天读一遍, 都会感到很幸福。”
相关链接 在五车中查询图书 在当当中查询图书 在豆瓣中查询图书


正题名:花森安治的手艺     索取号:J0/157         预约/预借

序号 登录号 条形码 馆藏地/架位号 状态 备注
1 627044   300627044   柳城-4楼/37架3列1层/ [索取号:J0/157] 在馆    
2 627045   300627045   柳城-4楼/37架3列1层/ [索取号:J0/157] 在馆    
3 627046   300627046   柳城-4楼/37架3列1层/ [索取号:J0/157] 在馆